| 000 | 00555cam a22002172a 4500 | ||
|---|---|---|---|
| 001 | 024499 | ||
| 003 | AR-FADEU | ||
| 008 | 311216n1993####xxu####################dd | ||
| 020 | _a950-25-2106-4 | ||
| 092 |
_a306 _bB662 _eBDT |
||
| 100 | _aBoas, Franz | ||
| 245 | _aAntopología cultural | ||
| 260 | _aBuenos Aires | ||
| 260 | _bFondo de Cultura Económica | ||
| 260 | _c1993 | ||
| 300 | _a112 p | ||
| 440 |
_aLos fundamentos de las ciencias del hombre _n82 |
||
| 700 | _aA. L., Kroeber | ||
| 650 | _aANTROPOLOGIA CULTURAL/BDT/ | ||
| 942 | _cBDT | ||
| 999 |
_c30186 _d30186 |
||